00290nam a2200121Ia 4500008004100000041000800041082001500049100001100064245002400075260003300099300001900132999001700151241015s9999 xx 000 0 und d aeng a006.68 MON aMonsey aTableau For Dummies bWiley IndiaaNew Delhic2022 a267;. P. 23 cm c41826d41826